Amalan pengetua sebagai pemimpin penyeliaan di sekolah dan kesannya kepada sikap guru-guru terhadap penyeliaan pengajaran /
Saved in:
| Main Author: | |
|---|---|
| Format: | Thesis Book |
| Language: | Malay |
| Published: |
2001.
|
| Subjects: | |
| Online Access: | http://studentsrepo.um.edu.my/id/eprint/2969 |
| Tags: |
Add Tag
No Tags, Be the first to tag this record!
|
| LEADER | 01188cam a2200277 a 4500 | ||
|---|---|---|---|
| 001 | u488759 | ||
| 003 | SIRSI | ||
| 008 | 960110s2001 my t 00 10 may m | ||
| 035 | |a ACR-2300 | ||
| 040 | |a UMM | ||
| 043 | |a a-my--- | ||
| 090 | |a LB7 |b UM 2001 Mohzz | ||
| 100 | 0 | 0 | |a Mohd. Zaki Zakaria. |
| 245 | 1 | 0 | |a Amalan pengetua sebagai pemimpin penyeliaan di sekolah dan kesannya kepada sikap guru-guru terhadap penyeliaan pengajaran / |c Mohd. Zaki bin Zakaria. |
| 260 | |c 2001. | ||
| 300 | |a viii, 118 leaves [append.] : |b ill. ; |c 29 cm. | ||
| 502 | |a Dissertation (M.Ed.) -- Fakulti Pendidikan, Universiti Malaya, 2001. | ||
| 504 | |a Bibliography: leaves 87-90. | ||
| 650 | 0 | |a School principals |z Malaysia | |
| 650 | 0 | |a School supervision |z Malaysia. | |
| 710 | 2 | 0 | |a Universiti Malaya. |b Fakulti Pendidikan. |
| 856 | 4 | 1 | |u http://studentsrepo.um.edu.my/id/eprint/2969 |
| 948 | |a 10/10/2001 |b 07/06/2002 | ||
| 596 | |a 1 8 | ||
| 999 | |a LB7 UM 2001 MOHZZ |w LC |c 1 |i A510473802 |d 6/5/2018 |e 6/5/2018 |l STACKS |m P01UTAMA |n 29 |r Y |s Y |t TESIS |u 4/12/2001 |o .STAFF. .COMMENT. PROJEK PENDIGITISAN (28/10/04)-AI | ||
| 999 | |a LB7 UM 2001 MOHZZ |w LC |c 1 |i A511078998 |f 1/9/2020 |g 1 |l STACKS |m P08PENDIDI |r Y |s Y |t TESIS |u 27/3/2003 |1 AHSS | ||
